| 000 | 00529nam a2200205Ia 4500 | ||
|---|---|---|---|
| 003 | 0100 | ||
| 008 | 130303s9999 xx 000 0 und d | ||
| 020 | _a0797411410 | ||
| 040 | _cARRUPELIB | ||
| 050 | _aB5305.M3 1992 | ||
| 100 | _aMafeje, Archie | ||
| 245 | _aAfrican philosophical projections and prospects for the indigenisation of political and intellectual discourse | ||
| 260 | _aHarare | ||
| 260 | _bSAPES Books | ||
| 260 | _C1992 | ||
| 300 | _a29p. | ||
| 300 | _b 22cm. | ||
| 440 | _aNo. 7 | ||
| 942 |
_2lcc _06 |
||
| 999 |
_c67143 _d67143 |
||